<?xml version="1.0" encoding="UTF-8"?>
<record
    xmlns:xsi="http://www.w3.org/2001/XMLSchema-instance"
    xsi:schemaLocation="http://www.loc.gov/MARC21/slim http://www.loc.gov/standards/marcxml/schema/MARC21slim.xsd"
    xmlns="http://www.loc.gov/MARC21/slim">

  <leader>00405nam a22001577a 4500</leader>
  <controlfield tag="003">OSt</controlfield>
  <controlfield tag="008">240510b        |||||||| |||| 00| 0 eng d</controlfield>
  <datafield tag="020" ind1=" " ind2=" ">
    <subfield code="a">9789354246197</subfield>
  </datafield>
  <datafield tag="082" ind1=" " ind2=" ">
    <subfield code="a">658.4038011 KUB</subfield>
  </datafield>
  <datafield tag="100" ind1=" " ind2=" ">
    <subfield code="a">DINESH KUMAR,U</subfield>
  </datafield>
  <datafield tag="245" ind1=" " ind2=" ">
    <subfield code="a">Business Analytics - The Science of Data-Driven Decision Making</subfield>
  </datafield>
  <datafield tag="250" ind1=" " ind2=" ">
    <subfield code="a">2nd. ed</subfield>
  </datafield>
  <datafield tag="260" ind1=" " ind2=" ">
    <subfield code="a">New Delhi</subfield>
    <subfield code="b"> Wiley</subfield>
    <subfield code="c">2024</subfield>
  </datafield>
  <datafield tag="300" ind1=" " ind2=" ">
    <subfield code="a">623</subfield>
  </datafield>
  <datafield tag="942" ind1=" " ind2=" ">
    <subfield code="2">ddc</subfield>
    <subfield code="c">BK</subfield>
  </datafield>
  <datafield tag="999" ind1=" " ind2=" ">
    <subfield code="c">12687</subfield>
    <subfield code="d">12687</subfield>
  </datafield>
  <datafield tag="952" ind1=" " ind2=" ">
    <subfield code="0">0</subfield>
    <subfield code="1">0</subfield>
    <subfield code="2">ddc</subfield>
    <subfield code="4">0</subfield>
    <subfield code="7">0</subfield>
    <subfield code="8">MBA</subfield>
    <subfield code="a">PIET</subfield>
    <subfield code="b">PIET</subfield>
    <subfield code="d">2024-04-06</subfield>
    <subfield code="e">Zafaa Books and Distributors</subfield>
    <subfield code="f">In rupees</subfield>
    <subfield code="g">969.00</subfield>
    <subfield code="k">ZBD0007</subfield>
    <subfield code="l">0</subfield>
    <subfield code="o">658.4032 KUB</subfield>
    <subfield code="p">37170</subfield>
    <subfield code="r">2024-05-10 00:00:00</subfield>
    <subfield code="v">702.52</subfield>
    <subfield code="w">2024-04-06</subfield>
    <subfield code="y">BK</subfield>
  </datafield>
  <datafield tag="952" ind1=" " ind2=" ">
    <subfield code="0">0</subfield>
    <subfield code="1">0</subfield>
    <subfield code="2">ddc</subfield>
    <subfield code="4">0</subfield>
    <subfield code="7">0</subfield>
    <subfield code="8">MBA</subfield>
    <subfield code="a">PIET</subfield>
    <subfield code="b">PIET</subfield>
    <subfield code="d">2024-04-06</subfield>
    <subfield code="e">Zafaa Books and Distributors</subfield>
    <subfield code="f">In rupees</subfield>
    <subfield code="g">969.00</subfield>
    <subfield code="k">ZBD0007</subfield>
    <subfield code="l">0</subfield>
    <subfield code="o">658.4032 KUB</subfield>
    <subfield code="p">37171</subfield>
    <subfield code="r">2024-05-10 00:00:00</subfield>
    <subfield code="v">702.52</subfield>
    <subfield code="w">2024-04-06</subfield>
    <subfield code="y">BK</subfield>
  </datafield>
  <datafield tag="952" ind1=" " ind2=" ">
    <subfield code="0">0</subfield>
    <subfield code="1">0</subfield>
    <subfield code="2">ddc</subfield>
    <subfield code="4">0</subfield>
    <subfield code="7">0</subfield>
    <subfield code="8">MBA</subfield>
    <subfield code="a">PIET</subfield>
    <subfield code="b">PIET</subfield>
    <subfield code="d">2024-04-06</subfield>
    <subfield code="e">Zafaa Books and Distributors</subfield>
    <subfield code="f">In rupees</subfield>
    <subfield code="g">969.00</subfield>
    <subfield code="k">ZBD0007</subfield>
    <subfield code="l">0</subfield>
    <subfield code="o">658.4032 KUB</subfield>
    <subfield code="p">37172</subfield>
    <subfield code="r">2024-05-10 00:00:00</subfield>
    <subfield code="v">702.52</subfield>
    <subfield code="w">2024-04-06</subfield>
    <subfield code="y">BK</subfield>
  </datafield>
  <datafield tag="952" ind1=" " ind2=" ">
    <subfield code="0">0</subfield>
    <subfield code="1">0</subfield>
    <subfield code="2">ddc</subfield>
    <subfield code="4">0</subfield>
    <subfield code="7">0</subfield>
    <subfield code="8">MBA</subfield>
    <subfield code="a">PIET</subfield>
    <subfield code="b">PIET</subfield>
    <subfield code="d">2024-04-06</subfield>
    <subfield code="e">Zafaa Books and Distributors</subfield>
    <subfield code="f">In rupees</subfield>
    <subfield code="g">969.00</subfield>
    <subfield code="k">ZBD0007</subfield>
    <subfield code="l">0</subfield>
    <subfield code="o">658.4032 KUB</subfield>
    <subfield code="p">37173</subfield>
    <subfield code="r">2024-05-10 00:00:00</subfield>
    <subfield code="v">702.52</subfield>
    <subfield code="w">2024-04-06</subfield>
    <subfield code="y">BK</subfield>
  </datafield>
  <datafield tag="952" ind1=" " ind2=" ">
    <subfield code="0">0</subfield>
    <subfield code="1">0</subfield>
    <subfield code="2">ddc</subfield>
    <subfield code="4">0</subfield>
    <subfield code="7">0</subfield>
    <subfield code="8">MBA</subfield>
    <subfield code="a">PIET</subfield>
    <subfield code="b">PIET</subfield>
    <subfield code="d">2024-04-06</subfield>
    <subfield code="e">Zafaa Books and Distributors</subfield>
    <subfield code="f">In rupees</subfield>
    <subfield code="g">969.00</subfield>
    <subfield code="k">ZBD0007</subfield>
    <subfield code="l">0</subfield>
    <subfield code="o">658.4032 KUB</subfield>
    <subfield code="p">37174</subfield>
    <subfield code="r">2024-05-10 00:00:00</subfield>
    <subfield code="v">702.52</subfield>
    <subfield code="w">2024-04-06</subfield>
    <subfield code="y">BK</subfield>
  </datafield>
  <datafield tag="952" ind1=" " ind2=" ">
    <subfield code="0">0</subfield>
    <subfield code="1">0</subfield>
    <subfield code="2">ddc</subfield>
    <subfield code="4">0</subfield>
    <subfield code="7">0</subfield>
    <subfield code="8">BTECHCSE</subfield>
    <subfield code="a">PIET</subfield>
    <subfield code="b">PIET</subfield>
    <subfield code="d">2026-01-29</subfield>
    <subfield code="e">UDH Publisher and distributors pvt.</subfield>
    <subfield code="f">INR</subfield>
    <subfield code="g">1089.00</subfield>
    <subfield code="k">CM3496</subfield>
    <subfield code="l">0</subfield>
    <subfield code="o">658.4032 KUB</subfield>
    <subfield code="p">39841</subfield>
    <subfield code="r">2026-02-12 00:00:00</subfield>
    <subfield code="v">735.07</subfield>
    <subfield code="w">2026-01-29</subfield>
    <subfield code="y">REF</subfield>
    <subfield code="z">Decentrilization</subfield>
  </datafield>
</record>
